000 00369 a2200169 4500
001 175161
020 _a85-262-4686-0
040 _cMagnum
100 _aSanta Rosa, Nereide Schilaro
240 1 0 _aA arte de olhar festas
_lpor
245 1 0 _aA arte de olhar festas
300 _a48
362 0 _a2003
440 1 _aScipione
697 _aMISCELÂNEA
942 _cBK
999 _c175161
_d175161